[Event "2.BLS 1617 SC Untergrombach - Caissa Sc"]
[Site "?"]
[Date "2016.12.04"]
[Round "3.2"]
[White "Brunner, Nicolas"]
[Black "Mueller, Reinhold"]
[Result "1-0"]
[WhiteElo "2471"]
[BlackElo "2257"]
[PlyCount "65"]
[EventDate "2016.??.??"]

1. d4 Nf6 2. c4 c5 3. d5 e6 4. Nc3 exd5 5. cxd5 g6 6. e4 d6 7. f4 Bg7 8. Bb5+
Nfd7 9. a4 O-O 10. Nf3 Re8 11. O-O Bxc3 12. bxc3 Rxe4 13. f5 Ne5 14. fxg6 hxg6
15. Bg5 Qf8 16. Nxe5 Rxe5 17. Bf6 Rh5 18. Re1 Bd7 19. g4 Rh7 20. Bd3 Qh6 21.
Ra2 Na6 22. Re7 c4 23. Bxc4 Qf4 24. Qd4 Qc1+ 25. Bf1 Nc5 26. Rae2 Qa1 27. Qf4
Qxa4 28. Qxd6 b5 29. Bd4 Bxg4 30. Rxf7 Rxf7 31. Qxg6+ Kf8 32. Qh6+ Kg8 33. Qh8#
1-0

[Event "2.BLS 1617 SC Untergrombach - Caissa Sc"]
[Site "?"]
[Date "2016.12.04"]
[Round "3.3"]
[White "Fries, Frederik"]
[Black "Rusev, Krasimir"]
[Result "0-1"]
[WhiteElo "2316"]
[BlackElo "2539"]
[PlyCount "63"]
[EventDate "2016.??.??"]

1. Nf3 Nf6 2. c4 Nc6 3. d4 e6 4. e3 d6 5. Nc3 g6 6. d5 exd5 7. cxd5 Ne7 8. Be2
Bg7 9. O-O O-O 10. e4 c6 11. dxc6 bxc6 12. Be3 Rb8 13. Qd2 Rb4 14. Bd3 Bg4 15.
Nd4 Qb8 16. Rab1 Nd7 17. Be2 Ne5 18. f3 Bd7 19. b3 f5 20. Nc2 Rb7 21. Rfd1 fxe4
22. Nxe4 Nd5 23. Bd4 Bf5 24. Ng3 Be6 25. Bf1 Nf4 26. Kh1 Bd5 27. Bxe5 Bxe5 28.
Ne3 Qd8 29. Bc4 Kf7 30. Bxd5+ Nxd5 31. Nxd5 cxd5 32. Qxd5+ 0-1

[Event "2.BLS 1617 SC Untergrombach - Caissa Sc"]
[Site "?"]
[Date "2016.12.04"]
[Round "3.4"]
[White "Bojkov, Dejan"]
[Black "Wild, Achim"]
[Result "0-1"]
[WhiteElo "2486"]
[BlackElo "2281"]
[PlyCount "58"]
[EventDate "2016.??.??"]

1. e4 c5 2. Nf3 e6 3. d3 Nc6 4. g3 g6 5. Bg2 Bg7 6. O-O Nge7 7. Re1 d6 8. Nbd2
O-O 9. h4 h6 10. Nf1 f5 11. c3 e5 12. b4 a6 13. Rb1 Rb8 14. exf5 gxf5 15. bxc5
dxc5 16. Ba3 b6 17. Ne3 Be6 18. Qc2 Qc7 19. Nc4 e4 20. Nfd2 b5 21. Ne3 Ne5 22.
d4 f4 23. Nd5 Nxd5 24. dxc5 fxg3 25. fxg3 Nf3+ 26. Nxf3 Rxf3 27. Bxf3 Qxg3+ 28.
Qg2 Bd4+ 29. Kf1 Bh3 0-1

[Event "2.BLS 1617 SC Untergrombach - Caissa Sc"]
[Site "?"]
[Date "2016.12.04"]
[Round "3.5"]
[White "Weller, Manuel"]
[Black "Spirin, Oleg"]
[Result "1/2-1/2"]
[WhiteElo "2213"]
[BlackElo "2444"]
[PlyCount "83"]
[EventDate "2016.??.??"]

1. e4 c5 2. Nf3 d6 3. d4 cxd4 4. Nxd4 Nf6 5. Nc3 a6 6. h3 e6 7. g4 h6 8. Bg2 g5
9. O-O Nbd7 10. Qe2 Be7 11. Be3 Qc7 12. Rad1 Ne5 13. a4 Bd7 14. Bc1 O-O-O 15.
Nf3 Bc6 16. Nxe5 dxe5 17. Qc4 Qa5 18. Be3 Qb4 19. Qb3 Qxb3 20. cxb3 Nd7 21. Nd5
Bc5 22. Rc1 Bd4 23. Rc2 Rhe8 24. Rfc1 Nb8 25. Bd2 exd5 26. exd5 e4 27. dxc6
Nxc6 28. Re1 Kb8 29. Rxe4 Rxe4 30. Bxe4 Ne5 31. Kg2 Nd7 32. b4 Nf6 33. Bf3 Nd5
34. Bxd5 Rxd5 35. Kf3 Bg7 36. Bc3 Bxc3 37. bxc3 Rd3+ 38. Kg2 Kc7 39. Re2 Kd6
40. c4 Rb3 41. Rd2+ Kc7 42. b5 1/2-1/2

[Event "2.BLS 1617 SC Untergrombach - Caissa Sc"]
[Site "?"]
[Date "2016.12.04"]
[Round "3.6"]
[White "Maier, Christian"]
[Black "Tabatt, Hendrik"]
[Result "1-0"]
[WhiteElo "2390"]
[BlackElo "2352"]
[PlyCount "75"]
[EventDate "2016.??.??"]

1. e4 e5 2. Nf3 Nc6 3. Bb5 g6 4. d4 exd4 5. c3 d3 6. Qxd3 Bg7 7. Bg5 Nge7 8.
Nbd2 h6 9. Bh4 O-O 10. O-O d6 11. Rfe1 g5 12. Bg3 f5 13. exf5 Bxf5 14. Qe3 Kh8
15. Ne4 a6 16. Ba4 Qd7 17. Rad1 Rae8 18. Qc1 Ng6 19. Bc2 Re7 20. Ned2 Nge5 21.
Nxe5 Nxe5 22. Nf1 Rfe8 23. Re3 Ng4 24. Rxe7 Rxe7 25. h3 Nf6 26. Ne3 Be4 27. Re1
Qe8 28. Nf5 Bxf5 29. Rxe7 Qxe7 30. Bxf5 Nh5 31. Qd1 Nxg3 32. fxg3 Qe3+ 33. Kh2
Be5 34. Qg4 a5 35. Bc2 d5 36. Bb3 Bd6 37. Bxd5 b6 38. Qc8+ 1-0

[Event "2.BLS 1617 SC Untergrombach - Caissa Sc"]
[Site "?"]
[Date "2016.12.04"]
[Round "3.7"]
[White "Grewenig, Jan"]
[Black "Heinz, Timothee"]
[Result "0-1"]
[WhiteElo "2129"]
[BlackElo "2340"]
[PlyCount "88"]
[EventDate "2016.??.??"]

1. e4 e6 2. d4 d5 3. Nd2 Nc6 4. Ngf3 Nf6 5. e5 Nd7 6. Bd3 Nb4 7. Be2 c5 8. c3
Nc6 9. O-O g6 10. Re1 Bg7 11. Nf1 O-O 12. Ne3 f6 13. exf6 Nxf6 14. dxc5 Qe7 15.
b4 Ne4 16. Nxd5 exd5 17. Qxd5+ Kh8 18. Bd3 Nxc3 19. Qc4 Qf7 20. Qxf7 Rxf7 21.
Bb2 Bg4 22. Ng5 Rd7 23. Bc4 h6 24. Ne6 Bxe6 25. Rxe6 Rad8 26. g3 Rd2 27. Rae1
Rxb2 28. Re8+ Bf8 29. Rxd8 Nxd8 30. Re8 Kg7 31. Rxd8 Rxb4 32. Rd7+ Kf6 33. Rf7+
Ke5 34. Bd3 Bxc5 35. Bxg6 Nxa2 36. Rf5+ Kd6 37. Rf6+ Ke7 38. Rf7+ Ke6 39. Rh7
Rb2 40. Rxh6 Rxf2 41. Kh1 b6 42. g4 Nc3 43. h4 Ke5 44. Rh7 Ne2 0-1

[Event "2.BLS 1617 SC Untergrombach - Caissa Sc"]
[Site "?"]
[Date "2016.12.04"]
[Round "3.8"]
[White "Schneider, Bernd"]
[Black "Gress, Alexander"]
[Result "1/2-1/2"]
[WhiteElo "2320"]
[BlackElo "2175"]
[PlyCount "155"]
[EventDate "2016.??.??"]

1. e4 c5 2. Nf3 d6 3. c4 e5 4. Nc3 Ne7 5. Be2 g6 6. d3 Bg7 7. O-O Nbc6 8. Nd5
O-O 9. Bd2 Be6 10. a3 Nd4 11. b4 Nec6 12. b5 Nxf3+ 13. Bxf3 Nd4 14. a4 Qh4 15.
Re1 Bxd5 16. cxd5 Bh6 17. Be3 f5 18. g3 Nxf3+ 19. Qxf3 Qh3 20. Qg2 Qxg2+ 21.
Kxg2 Bxe3 22. Rxe3 fxe4 23. dxe4 g5 24. f3 Rf7 25. Rh1 Raf8 26. g4 h5 27. h3
Rh7 28. Rg1 Kg7 29. Kg3 hxg4 30. Kxg4 b6 31. a5 bxa5 32. Ra3 Rh4+ 33. Kg3 Rhf4
34. Rg2 R4f7 35. Rf2 Rb8 36. Rxa5 Rb6 37. Rfa2 Kf6 38. Kg4 Rfb7 39. Ra6 Rxa6
40. Rxa6 Rd7 41. Rc6 Kg6 42. Rc8 Rb7 43. Rd8 Rb6 44. Rd7 a6 45. bxa6 Rxa6 46.
Re7 Rb6 47. Re8 Ra6 48. Rc8 Ra1 49. Kg3 Kf7 50. Rc7+ Kf6 51. Rd7 Ra6 52. Kf2
Kg6 53. Ke2 Kh5 54. Rh7+ Kg6 55. Rc7 Ra8 56. Rd7 Ra6 57. Kd2 Kh5 58. Rh7+ Kg6
59. Rc7 Kf6 60. Rd7 Ra3 61. Rxd6+ Kf7 62. Re6 Rxf3 63. Rxe5 Rxh3 64. Rxg5 Kf6
65. Rf5+ Ke7 66. Re5+ Kd7 67. Re6 c4 68. Rc6 Rd3+ 69. Ke2 Rc3 70. e5 Rd3 71.
e6+ Ke7 72. Rc7+ Kd8 73. Rd7+ Ke8 74. d6 Rd5 75. Kf3 c3 76. Ke4 c2 77. Kxd5
c1=Q 78. Rc7 1/2-1/2

[Event "2.BLS 1617 SC Eppingen - Caissa Schwarz"]
[Site "?"]
[Date "2017.01.15"]
[Round "4.1"]
[White "Frischmann, Rick"]
[Black "Breder, Dennis"]
[Result "0-1"]
[WhiteElo "2323"]
[BlackElo "2463"]
[PlyCount "138"]
[EventDate "2017.??.??"]

1. e4 c5 2. Nf3 Nc6 3. d4 cxd4 4. Nxd4 e5 5. Nb5 d6 6. N1c3 a6 7. Na3 Be6 8.
Nc4 Rb8 9. Ne3 Nf6 10. Be2 g6 11. Ned5 Bxd5 12. exd5 Ne7 13. f4 Qa5 14. fxe5
dxe5 15. O-O Nexd5 16. Bb5+ axb5 17. Nxd5 Ne4 18. Qe2 f5 19. Nc3 Bc5+ 20. Kh1
O-O 21. Nxe4 fxe4 22. Bh6 Rxf1+ 23. Rxf1 Qb4 24. b3 Bf8 25. Qg4 Qd6 26. Bg5 Bg7
27. Qxe4 Qc6 28. Qe2 Rc8 29. h3 b4 30. Be7 Qxc2 31. Qf3 Qc7 32. Qd5+ Kh8 33.
Rf7 e4 34. Bd6 Qc6 35. Qxc6 Rxc6 36. Bxb4 Rc1+ 37. Kh2 Be5+ 38. g3 Rc2+ 39. Kg1
Bxg3 40. Rxb7 e3 41. Re7 e2 42. a4 Rc1+ 43. Kg2 e1=Q 44. Bxe1 Bxe1 45. Rb7 h5
46. Kf3 Rc2 47. Kf4 Rf2+ 48. Ke5 Rf5+ 49. Ke4 Ra5 50. Kd4 g5 51. Ke4 Kg8 52. b4
Rxa4 53. Kf5 Bh4 54. b5 g4 55. Kg6 Kf8 56. hxg4 hxg4 57. b6 g3 58. Rf7+ Ke8 59.
b7 Rb4 60. Rg7 Be7 61. Kf5 Rb5+ 62. Ke6 Rb6+ 63. Kd5 Bd6 64. Rh7 Kd8 65. Rg7
Ke8 66. Rh7 Kf8 67. Rh6 Rxb7 68. Kc6 Rg7 69. Rf6+ Kg8 0-1

[Event "2.BLS 1617 SC Eppingen - Caissa Schwarz"]
[Site "?"]
[Date "2017.01.15"]
[Round "4.2"]
[White "Noe, Christopher"]
[Black "Oberhofer, Andre"]
[Result "1-0"]
[WhiteElo "2434"]
[BlackElo "2302"]
[PlyCount "57"]
[EventDate "2017.??.??"]

1. d4 d5 2. c4 e6 3. Nc3 Nf6 4. Nf3 Bb4 5. Qa4+ Nc6 6. Bg5 Bd7 7. Qb3 O-O 8. e3
a5 9. a3 a4 10. Qc2 Bxc3+ 11. Qxc3 h6 12. Bh4 g5 13. Bg3 Ne4 14. Qc2 f5 15. Bd3
Be8 16. O-O-O Na5 17. Ne5 Rc8 18. f3 Nd6 19. c5 f4 20. exf4 Nf5 21. Bf2 gxf4
22. Kb1 Qf6 23. g4 Ne3 24. Bxe3 fxe3 25. g5 Qf4 26. gxh6 Kh8 27. Rdg1 Nb3 28.
Rg7 Rf5 29. Qg2 1-0

[Event "2.BLS 1617 SC Eppingen - Caissa Schwarz"]
[Site "?"]
[Date "2017.01.15"]
[Round "4.3"]
[White "Wild, Achim"]
[Black "Medvegy, Zoltan"]
[Result "0-1"]
[WhiteElo "2293"]
[BlackElo "2537"]
[PlyCount "122"]
[EventDate "2017.??.??"]

1. Nf3 Nf6 2. c4 e6 3. g3 a6 4. Bg2 b5 5. b3 Bb7 6. Nc3 b4 7. Na4 Be7 8. O-O
O-O 9. d4 a5 10. Bb2 Na6 11. Ne5 Bxg2 12. Kxg2 d6 13. Nc6 Qd7 14. Nxe7+ Qxe7
15. Qd3 e5 16. dxe5 dxe5 17. Qe3 Rfe8 18. Rad1 Qe6 19. Qf3 h6 20. e3 Rad8 21.
Qb7 Qc8 22. Qxc8 Rxc8 23. h3 Nb8 24. Nc5 Re7 25. f3 Nc6 26. f4 Ne8 27. f5 Nf6
28. g4 Ree8 29. Kf3 Red8 30. h4 h5 31. g5 Ng4 32. Ke2 Kf8 33. Ne4 Rxd1 34. Rxd1
Rd8 35. Rf1 Ke8 36. Ng3 g6 37. f6 a4 38. Ne4 Ra8 39. Ra1 axb3 40. axb3 Rxa1 41.
Bxa1 Kd7 42. Nc5+ Kd6 43. Ne4+ Ke6 44. Kf3 Nh2+ 45. Kg2 Ng4 46. Kf3 Na5 47.
Nc5+ Kd6 48. Ne4+ Ke6 49. Nd2 Nb7 50. Ne4 Na5 51. Nd2 Kd7 52. Bb2 Ke6 53. Ke2
Kf5 54. Kf3 e4+ 55. Ke2 Nh2 56. Bd4 Nf3 57. Nxf3 exf3+ 58. Kxf3 Nxb3 59. e4+
Ke6 60. Be3 Na5 61. c5 b3 0-1

[Event "2.BLS 1617 SC Eppingen - Caissa Schwarz"]
[Site "?"]
[Date "2017.01.15"]
[Round "4.4"]
[White "Guliyev, Namig"]
[Black "Weller, Manuel"]
[Result "1-0"]
[WhiteElo "2571"]
[BlackElo "2220"]
[PlyCount "87"]
[EventDate "2017.??.??"]

1. e4 c5 2. Nf3 e6 3. d4 cxd4 4. Nxd4 Nc6 5. Nb5 d6 6. Bf4 e5 7. Be3 Be7 8. c4
f5 9. exf5 Bxf5 10. Bd3 Bxd3 11. Qxd3 Nf6 12. N1c3 a6 13. Na3 Nb4 14. Qd2 Qd7
15. O-O O-O 16. Rfd1 Qf5 17. Rac1 Rad8 18. Qe2 Kh8 19. Nc2 Nxc2 20. Rxc2 Rc8
21. Rcd2 Rc6 22. a4 h6 23. h3 Kh7 24. Nd5 Nxd5 25. Rxd5 Qe4 26. b3 Rf6 27. f3
Qh4 28. Bf2 Qf4 29. Re1 Kg8 30. Qd3 Qf5 31. Re4 Qe6 32. Be3 Rg6 33. g4 Qf7 34.
Kg2 Rf6 35. Qe2 Rc8 36. Bd2 Rf8 37. Rd3 g5 38. c5 dxc5 39. Rxe5 Bd6 40. Re4 Bf4
41. Bc3 Rg6 42. Re7 Qxb3 43. Qe4 Qc2+ 44. Bd2 1-0

[Event "2.BLS 1617 SC Eppingen - Caissa Schwarz"]
[Site "?"]
[Date "2017.01.15"]
[Round "4.5"]
[White "Tabatt, Hendrik"]
[Black "Mesaros, Florian"]
[Result "0-1"]
[WhiteElo "2332"]
[BlackElo "2372"]
[PlyCount "47"]
[EventDate "2017.??.??"]

1. Nf3 Nf6 2. g3 g6 3. Bg2 Bg7 4. O-O O-O 5. d4 d5 6. Bf4 c5 7. dxc5 Na6 8.
Nbd2 Nxc5 9. Nb3 Nfe4 10. c3 Re8 11. Qc1 b6 12. Bh6 Bh8 13. Ng5 Bb7 14. Nxc5
Nxc5 15. Rd1 Rc8 16. c4 d4 17. Qf4 f6 18. Bxb7 Nxb7 19. Qf3 Nc5 20. b4 fxg5 21.
bxc5 Rxc5 22. Qe4 Qc8 23. g4 Rxc4 24. Rac1 0-1

[Event "2.BLS 1617 SC Eppingen - Caissa Schwarz"]
[Site "?"]
[Date "2017.01.15"]
[Round "4.6"]
[White "Hacker, Jonas"]
[Black "Grewenig, Jan"]
[Result "1-0"]
[WhiteElo "2382"]
[BlackElo "2141"]
[PlyCount "67"]
[EventDate "2017.??.??"]

1. e4 c5 2. Nf3 d6 3. d4 cxd4 4. Nxd4 Nf6 5. Nc3 a6 6. Bg5 Nbd7 7. Qe2 e6 8.
O-O-O Be7 9. f4 Qc7 10. g4 h6 11. Bxf6 gxf6 12. Bg2 Nb6 13. Rd3 Bd7 14. b3
O-O-O 15. Kb1 Kb8 16. Bf3 Rc8 17. Rc1 Qc5 18. Qd2 Rc7 19. Nce2 h5 20. gxh5 f5
21. Ng3 fxe4 22. Nxe4 Qa3 23. c4 d5 24. Nc2 dxe4 25. Nxa3 exd3 26. c5 Bxc5 27.
Qxd3 Rhc8 28. Nc4 Bb5 29. h6 Bf8 30. h7 Nxc4 31. bxc4 Bg7 32. Qd6 Ka8 33. Qxc7
Rxc7 34. Rg1 1-0

[Event "2.BLS 1617 SC Eppingen - Caissa Schwarz"]
[Site "?"]
[Date "2017.01.15"]
[Round "4.7"]
[White "Gress, Alexander"]
[Black "Mann, Christian"]
[Result "0-1"]
[WhiteElo "2181"]
[BlackElo "2416"]
[PlyCount "128"]
[EventDate "2017.??.??"]

1. e4 e6 2. d4 d5 3. Nc3 Nf6 4. Bg5 dxe4 5. Nxe4 Be7 6. Bxf6 Bxf6 7. Nf3 Nd7 8.
Qd2 b6 9. Bb5 O-O 10. Bc6 Rb8 11. O-O-O Bb7 12. Bxd7 Bxe4 13. Ne5 c5 14. Qe3
Bd5 15. Bc6 Qc7 16. Bxd5 cxd4 17. Rxd4 Qxe5 18. Qxe5 Bxe5 19. Re4 Bxb2+ 20.
Kxb2 exd5 21. Re7 Rfe8 22. Rc7 Re2 23. Rf1 h5 24. Kc3 Rbe8 25. Kd3 R2e7 26.
Rxe7 Rxe7 27. h4 Re4 28. g3 Ra4 29. Re1 Ra3+ 30. Kd2 f6 31. Re8+ Kf7 32. Rd8
Ke6 33. Rg8 Kf7 34. Rd8 Rxa2 35. Rd7+ Kg6 36. Rxd5 Rb2 37. Rd7 a5 38. Ra7 Kh6
39. Rf7 Rb5 40. c4 Rb2+ 41. Ke3 Rc2 42. Rb7 Rc3+ 43. Kd2 Rxc4 44. Rxb6 Rc5 45.
Ra6 Rf5 46. f4 Rb5 47. Ke2 Kg6 48. Ra7 Kf5 49. Rxg7 a4 50. Ra7 Kg4 51. Rxa4
Kxg3 52. Ra6 Rf5 53. Ke3 Rxf4 54. Ra1 Rf3+ 55. Ke2 Rf5 56. Rh1 Kg2 57. Ra1 Re5+
58. Kd3 f5 59. Ra8 f4 60. Rg8+ Kh3 61. Kd4 Re7 62. Rf8 Kg4 63. Rf6 f3 64. Kd3
Kg3 0-1

[Event "2.BLS 1617 SC Eppingen - Caissa Schwarz"]
[Site "?"]
[Date "2017.01.15"]
[Round "4.8"]
[White "Gibicar, Danijel"]
[Black "Mueller, Max"]
[Result "1-0"]
[WhiteElo "2273"]
[BlackElo "1991"]
[PlyCount "45"]
[EventDate "2017.??.??"]

1. e4 c5 2. Nf3 d6 3. d4 cxd4 4. Nxd4 Nf6 5. Nc3 a6 6. Be3 e5 7. Nb3 Be7 8. h3
O-O 9. g4 Be6 10. g5 Nfd7 11. h4 Nc6 12. Qd2 b5 13. O-O-O Nc5 14. f3 Nxb3+ 15.
cxb3 Qa5 16. Kb1 Rac8 17. Qf2 Qb4 18. Bh3 Rc7 19. Nd5 Bxd5 20. Rxd5 Nd4 21. Bd2
Rc2 22. Rxd4 Qc5 23. b4 1-0

[Event "2.BLS 1617 Schott Mainz - SC Untergromb"]
[Site "?"]
[Date "2017.01.15"]
[Round "4.1"]
[White "Rogic, Davor"]
[Black "Lobron, Eric"]
[Result "0-1"]
[WhiteElo "2516"]
[BlackElo "2528"]
[PlyCount "50"]
[EventDate "2017.??.??"]

1. e4 c6 2. d4 d5 3. Nd2 dxe4 4. Nxe4 Bf5 5. Ng3 Bg6 6. Nh3 Nd7 7. Nf4 Ngf6 8.
Be2 e5 9. dxe5 Qa5+ 10. c3 Qxe5 11. O-O Bc5 12. Nd3 Qe7 13. Nxc5 Nxc5 14. Be3
Rd8 15. Qc1 Nd5 16. Bd4 O-O 17. Re1 Rfe8 18. f4 f6 19. Bc4 Qxe1+ 20. Qxe1 Rxe1+
21. Rxe1 Na4 22. Re7 c5 23. Be3 Nab6 24. Bxd5+ Nxd5 25. Re6 Kf7 0-1

[Event "2.BLS 1617 Schott Mainz - SC Untergromb"]
[Site "?"]
[Date "2017.01.15"]
[Round "4.2"]
[White "Dann, Matthias"]
[Black "Brunner, Nicolas"]
[Result "1/2-1/2"]
[WhiteElo "2480"]
[BlackElo "2479"]
[PlyCount "71"]
[EventDate "2017.??.??"]

1. e4 c5 2. Nf3 d6 3. d4 cxd4 4. Nxd4 Nf6 5. Nc3 a6 6. Be3 e5 7. Nf3 Be7 8. Bc4
O-O 9. O-O Be6 10. Bxe6 fxe6 11. Na4 Ng4 12. Qe2 Nxe3 13. Qxe3 b5 14. Nb6 Ra7
15. Nd5 Rb7 16. Qd2 Re8 17. Nxe7+ Qxe7 18. Rfd1 Rb6 19. a4 Qb7 20. axb5 Qxe4
21. bxa6 Nxa6 22. Ra3 Nb4 23. Rb3 Reb8 24. Ne1 h6 25. Re3 Qf5 26. Rg3 Qh7 27.
b3 Nd5 28. Nd3 Nf6 29. f3 Ra8 30. Rh3 Ra2 31. Rh4 Rxb3 32. Nb4 Rab2 33. Nd3 Ra2
34. Nb4 Rab2 35. Nd3 Ra2 36. Nb4 1/2-1/2

[Event "2.BLS 1617 Schott Mainz - SC Untergromb"]
[Site "?"]
[Date "2017.01.15"]
[Round "4.3"]
[White "Rusev, Krasimir"]
[Black "Krivonosov, Oleg"]
[Result "1/2-1/2"]
[WhiteElo "2541"]
[BlackElo "2446"]
[PlyCount "68"]
[EventDate "2017.??.??"]

1. Nf3 d5 2. e3 Nf6 3. c4 e6 4. b3 c5 5. Bb2 Nc6 6. cxd5 exd5 7. Bb5 Bd6 8. O-O
O-O 9. d4 cxd4 10. Nxd4 Bd7 11. Nc3 Qe7 12. Nf3 a6 13. Be2 Be6 14. Rc1 Rfd8 15.
Qd3 Rac8 16. Rfd1 h6 17. Qb1 Bb8 18. Na4 Ba7 19. Nd4 Nxd4 20. Bxd4 Bxd4 21.
exd4 Bd7 22. Bd3 Bxa4 23. bxa4 Rxc1 24. Rxc1 Qa3 25. Rc7 Qxa4 26. Rxb7 Qxd4 27.
Rb8 Rf8 28. Bxa6 Ne4 29. Rxf8+ Kxf8 30. Qb8+ Ke7 31. Qc7+ Kf6 32. Qf4+ Ke7 33.
Qc7+ Kf6 34. Qf4+ Ke7 1/2-1/2

[Event "2.BLS 1617 Schott Mainz - SC Untergromb"]
[Site "?"]
[Date "2017.01.15"]
[Round "4.4"]
[White "Cicak, Slavko"]
[Black "Bojkov, Dejan"]
[Result "1/2-1/2"]
[WhiteElo "2509"]
[BlackElo "2478"]
[PlyCount "38"]
[EventDate "2017.??.??"]

1. e4 e5 2. Nf3 Nc6 3. Bb5 Nd4 4. Nxd4 exd4 5. O-O Bc5 6. Qh5 Qe7 7. d3 Nf6 8.
Qh4 c6 9. Bc4 d5 10. exd5 Nxd5 11. Qg3 O-O 12. Bxd5 cxd5 13. Bf4 Re8 14. Nd2
Bf5 15. Nb3 b6 16. Rae1 Qd7 17. h4 Bg4 18. Rxe8+ Rxe8 19. Nd2 Bh5 1/2-1/2

[Event "2.BLS 1617 Schott Mainz - SC Untergromb"]
[Site "?"]
[Date "2017.01.15"]
[Round "4.5"]
[White "Spirin, Oleg"]
[Black "Balcerak, Jakob"]
[Result "1/2-1/2"]
[WhiteElo "2436"]
[BlackElo "2449"]
[PlyCount "27"]
[EventDate "2017.??.??"]

1. Nf3 d5 2. g3 Nf6 3. Bg2 c6 4. c4 Bf5 5. cxd5 cxd5 6. Qb3 Nc6 7. d3 Qd7 8.
Bf4 e6 9. Ne5 Nxe5 10. Bxe5 Be7 11. O-O O-O 12. h3 Rac8 13. Nd2 Rc5 14. Qd1 {
(=)} 1/2-1/2

[Event "2.BLS 1617 Schott Mainz - SC Untergromb"]
[Site "?"]
[Date "2017.01.15"]
[Round "4.6"]
[White "Schenderowitsch, Michael"]
[Black "Maier, Christian"]
[Result "1/2-1/2"]
[WhiteElo "2343"]
[BlackElo "2395"]
[PlyCount "39"]
[EventDate "2017.??.??"]

1. d4 Nf6 2. c4 g6 3. Nf3 Bg7 4. g3 O-O 5. Bg2 d6 6. Nc3 Nbd7 7. O-O e5 8. h3
exd4 9. Nxd4 Re8 10. e4 Nc5 11. Re1 Nfd7 12. Be3 Ne5 13. b3 Bd7 14. Re2 a5 15.
Rb1 f5 16. exf5 gxf5 17. Nd5 c6 18. Nf4 Ne4 19. Rc2 Ng6 20. Nde2 {(=)} 1/2-1/2

[Event "2.BLS 1617 Schott Mainz - SC Untergromb"]
[Site "?"]
[Date "2017.01.15"]
[Round "4.7"]
[White "Schneider, Bernd"]
[Black "Lanka, Zigurds"]
[Result "1/2-1/2"]
[WhiteElo "2312"]
[BlackElo "2439"]
[PlyCount "84"]
[EventDate "2017.??.??"]

1. e4 c5 2. Nf3 e6 3. c4 a6 4. d4 cxd4 5. Nxd4 b6 6. Bd3 d6 7. O-O g6 8. b3 Bg7
9. Bb2 Nf6 10. Nd2 Bb7 11. Qe2 O-O 12. Rad1 Nbd7 13. Bb1 Qc7 14. Rfe1 Nh5 15.
Nf1 d5 16. exd5 exd5 17. cxd5 Ndf6 18. d6 Qc5 19. Nf3 Nd5 20. Bxg7 Nxg7 21. Qd2
Nc3 22. Rc1 Nxb1 23. Rxb1 Bxf3 24. gxf3 Rad8 25. d7 Qf5 26. Rbd1 Qxf3 27. Qd5
Qg4+ 28. Ng3 Ne6 29. f3 Qh3 30. Qd6 h5 31. Re3 Nc5 32. Qxb6 h4 33. Nh5 Nxd7 34.
Rxd7 Rxd7 35. Nf6+ Kg7 36. Nxd7 Qxd7 37. Qxa6 Rc8 38. Qd3 Rc1+ 39. Kg2 h3+ 40.
Kf2 Qc7 41. Qd4+ f6 42. f4 Rc2+ 1/2-1/2

[Event "2.BLS 1617 Schott Mainz - SC Untergromb"]
[Site "?"]
[Date "2017.01.15"]
[Round "4.8"]
[White "Kienast, Joerg"]
[Black "Fuchs, Heinz"]
[Result "1-0"]
[WhiteElo "2227"]
[BlackElo "2257"]
[PlyCount "71"]
[EventDate "2017.??.??"]

1. e4 c5 2. Nf3 e6 3. d4 cxd4 4. Nxd4 a6 5. Nc3 Qc7 6. Bd3 Nf6 7. f4 d6 8. Qf3
Nbd7 9. Be3 b5 10. O-O-O Bb7 11. g4 Nb6 12. g5 Nfd7 13. Rhe1 b4 14. Nce2 Nc5
15. Kb1 d5 16. Ng3 O-O-O 17. Nb3 Nba4 18. Bd4 h6 19. g6 dxe4 20. Nxe4 f5 21.
Nbxc5 Nxc5 22. Bxc5 fxe4 23. Bxe4 Bxc5 24. f5 exf5 25. Bxb7+ Qxb7 26. Qxf5+ Kb8
27. Qxc5 Rc8 28. Qd6+ Ka8 29. Re7 Qc6 30. Qxc6+ Rxc6 31. Rxg7 Rf8 32. b3 Rcf6
33. Rdd7 Re8 34. Ra7+ Kb8 35. Rgb7+ Kc8 36. g7 1-0

[Event "2.BLS 1617 SC Viernheim - SC Emmendinge"]
[Site "?"]
[Date "2017.01.15"]
[Round "4.2"]
[White "Kryvoruchko, Yuriy"]
[Black "Miezis, Normunds"]
[Result "1-0"]
[WhiteElo "2701"]
[BlackElo "2507"]
[PlyCount "99"]
[EventDate "2017.??.??"]

1. e4 c5 2. Nf3 e6 3. d4 cxd4 4. Nxd4 a6 5. c4 Bb4+ 6. Bd2 Qb6 7. Bxb4 Qxb4+ 8.
Qd2 Qxd2+ 9. Nxd2 d6 10. Be2 Ne7 11. O-O Nbc6 12. N2b3 e5 13. Nc2 Be6 14. Ne3
O-O 15. Rfd1 Rad8 16. Rd2 g6 17. Rad1 Nc8 18. Nd5 Bxd5 19. cxd5 Nb8 20. Na5 Rd7
21. Rc2 b6 22. Nc6 Ne7 23. Nxe7+ Rxe7 24. Rdc1 f5 25. exf5 gxf5 26. a4 Kg7 27.
Rc8 Rb7 28. Rxf8 Kxf8 29. Rc8+ Ke7 30. Rh8 Kf6 31. Re8 Kf7 32. Re6 Nd7 33. Rxd6
Nc5 34. b3 b5 35. axb5 axb5 36. b4 Ne4 37. Re6 Rd7 38. h4 Ra7 39. Bh5+ Kg7 40.
Rxe5 Kf6 41. Re6+ Kg7 42. Bf3 Nd2 43. Be2 Ra2 44. d6 Ne4 45. d7 Rd2 46. Bxb5
Rd1+ 47. Kh2 Nxf2 48. Kg3 Ne4+ 49. Kf4 Nf6 50. Kxf5 1-0

[Event "2.BLS 1617 SC Viernheim - SC Emmendinge"]
[Site "?"]
[Date "2017.01.15"]
[Round "4.3"]
[White "Sokolov, Andrei"]
[Black "Korobov, Anton"]
[Result "0-1"]
[WhiteElo "2518"]
[BlackElo "2689"]
[PlyCount "104"]
[EventDate "2017.??.??"]

1. e4 c5 2. Nf3 d6 3. d4 cxd4 4. Nxd4 Nf6 5. Nc3 a6 6. f4 Qc7 7. Nf3 e6 8. Bd3
Nbd7 9. Qe2 g6 10. e5 dxe5 11. fxe5 Ng4 12. Bf4 Bg7 13. O-O-O Ngxe5 14. Kb1 Qa5
15. Nxe5 Nxe5 16. Bb5+ axb5 17. Bxe5 O-O 18. Bxg7 Kxg7 19. Qxb5 Qxb5 20. Nxb5
e5 21. Rhe1 f6 22. b3 Bg4 23. Rd6 Rfd8 24. h3 Rxd6 25. Nxd6 Bd7 26. Nxb7 Bc6
27. Nc5 Bxg2 28. b4 Bxh3 29. a4 h5 30. a5 g5 31. a6 h4 32. b5 Bg2 33. b6 h3 34.
b7 Rb8 35. Nd7 Rxb7+ 36. axb7 Bxb7 37. Nc5 Bg2 38. Nd3 g4 39. Nf2 h2 40. Nxg4
h1=Q 41. Rxh1 Bxh1 42. c4 Kg6 43. Kc2 Kg5 44. Nf2 Ba8 45. Kd2 f5 46. c5 e4 47.
Nd1 f4 48. Kc3 Kg4 49. Kd4 Kf3 50. Nc3 e3 51. Ke5 Bb7 52. Nb5 Kf2 0-1

[Event "2.BLS 1617 SC Viernheim - SC Emmendinge"]
[Site "?"]
[Date "2017.01.15"]
[Round "4.4"]
[White "Fedorchuk, Sergey"]
[Black "Cvitan, Ognjen"]
[Result "0-1"]
[WhiteElo "2625"]
[BlackElo "2490"]
[PlyCount "120"]
[EventDate "2017.??.??"]

1. e4 c5 2. Nf3 d6 3. d4 cxd4 4. Nxd4 Nf6 5. Nc3 g6 6. Be2 Bg7 7. O-O O-O 8.
Re1 Nc6 9. Nb3 a6 10. Bf1 Re8 11. Nd5 Nd7 12. c3 b6 13. Bg5 h6 14. Bh4 Bb7 15.
Qd2 b5 16. a4 bxa4 17. Rxa4 g5 18. Bg3 e6 19. Ne3 Nb6 20. Raa1 Ne5 21. f3 Qc7
22. Na5 Bc8 23. Red1 Bf8 24. b4 Bd7 25. c4 Red8 26. Kh1 Be8 27. Qe1 Nbd7 28.
Ra2 Ng6 29. Ng4 h5 30. Ne3 h4 31. Bf2 Nde5 32. h3 Rdb8 33. Nc2 Be7 34. Qd2 Nf4
35. Bxh4 Nxh3 36. Bg3 Nf4 37. Bxf4 gxf4 38. Qxf4 Ng6 39. Qg4 Kg7 40. f4 Bd7 41.
Ra3 Rh8+ 42. Rh3 Rxh3+ 43. gxh3 Rh8 44. f5 exf5 45. exf5 Rh4 46. Qf3 Rf4 47.
Qg3 Bh4 48. Qb3 Bxf5 49. Bg2 Qe7 50. Ne3 Be4 51. b5 Qe6 52. Kh2 Qe5 53. Kh1 Qe6
54. Kh2 Qe5 55. Kh1 Bf2 56. Nc6 Rf3 57. Ng4 Qg3 58. Qb2+ f6 59. Qe2 Nf4 60.
Nxf2 Qxg2# 0-1

[Event "2.BLS 1617 SC Viernheim - SC Emmendinge"]
[Site "?"]
[Date "2017.01.15"]
[Round "4.5"]
[White "Korpa, Bence"]
[Black "Maze, Sebastien"]
[Result "1/2-1/2"]
[WhiteElo "2473"]
[BlackElo "2613"]
[PlyCount "64"]
[EventDate "2017.??.??"]

1. d4 Nf6 2. c4 g6 3. Nc3 Bg7 4. e4 d6 5. f3 O-O 6. Be3 c5 7. Nge2 Nc6 8. d5
Ne5 9. Ng3 e6 10. Be2 exd5 11. cxd5 h5 12. O-O Nh7 13. Qd2 Re8 14. Rfe1 a6 15.
a4 Rb8 16. h3 h4 17. Nh1 f5 18. Nf2 Bd7 19. a5 Nf7 20. Na4 fxe4 21. Nxe4 Nf6
22. Nac3 Nxe4 23. Nxe4 Bf5 24. Bd3 b5 25. axb6 Rxb6 26. Ra2 Qa8 27. Nc3 Qb7 28.
Bxf5 gxf5 29. Bf2 Rxe1+ 30. Bxe1 Bxc3 31. bxc3 Rb1 32. Kh2 Qb5 1/2-1/2